An evaluation of the effects of SFAS no. 80 on interest rate risk management in the savings and loan industry /

Saved in:
Bibliographic Details
Main Author: Schrand, Catherine M.
Format: Thesis Book
Language:English
Published: Ann Arbor, Mich. : UMI, [199-].
Subjects:
LEADER 01279nam a2200301 a 4500
001 c000271496
003 CARM
005 20070910144932.0
008 991201q19941999miua bm 000 0 eng d
019 1 |a 21213017  |5 LACONCORD2021 
035 |a (OCoLC)226084931  |5 LACONCORD2021 
040 |a VVUT  |b eng  |c VVUT 
043 |a n-us--- 
082 0 4 |a 332.320681  |2 21 
100 1 |a Schrand, Catherine M. 
245 1 3 |a An evaluation of the effects of SFAS no. 80 on interest rate risk management in the savings and loan industry /  |c by Catherine M. Schrand. 
260 |a Ann Arbor, Mich. :  |b UMI,  |c [199-]. 
300 |a vi, 109 p. :  |b ill. ;  |c 22 cm. 
500 |a Facsimile copy of the microfilm version. 
502 |a Thesis (Ph. D.)--University of Chicago, 1994. 
504 |a Includes bibliographical references (p. 105-109) 
650 0 |a Savings and loan associations  |z United States  |x Finance. 
650 0 |a Interest rate risk  |z United States  |x Management. 
650 0 |a Futures  |z United States. 
650 0 |a Accounting  |x Standards  |z United States. 
852 8 |b CARM  |h A1:AN32E0  |i C09863  |p 0391545  |f BK 
999 f f |i 7aef223e-83c1-507e-8c02-c9a0bb219712  |s 6578e836-5454-518e-9eb9-cb3f502f91fe 
952 f f |p Can circulate  |a CAVAL  |b CAVAL  |c CAVAL  |d CARM 1 Store  |e C09863  |f A1:AN32E0  |h Other scheme  |i book  |m 0391545